000 00824nam a22002537a 4500
003 OSt
005 20251204104218.0
008 251204b |||||||| |||| 00| 0 eng d
020 _a1-59158-112-5
040 _aDWC-Main lib
_cOC
082 _24th edition
_aRes. 020.72 P882b 2004
100 _aPowell, R.
245 _aBasic research methods for librarians
_cPowell, Ronald R.
250 _a4th edition
260 _aLondon :
_bLibraries Unlimited,
_c c2004
300 _ax, 347 pages :
_bIllustration :
_c23 cm.
504 _aIncludes bibliographical references and index.
600 _2
650 _2Library science
650 _2Research
650 _2 Methodology.
700 _aConnaway, Lynn S.
942 _2ddc
_cBK-0 CIRC
_e4th edition
_hRes. 020.72 P882b 2004
_kRes.
_n0
999 _c6808
_d6808